000 00231nam a2200097Ia 4500
005 20251222114354.0
008 251222s1900||||xx |||||||||||||| ||spa||
082 _aDVD0010/S52/1971
245 0 _aHarry el sucio:Dirty Harry
942 _cDVD
999 _c1382
_d1382